| 000 | 00494nam a2200181 a 4500 | ||
|---|---|---|---|
| 001 | 000013157 | ||
| 005 | 20250725140219.0 | ||
| 008 | 091120s1987 dr a 000 0 spa d | ||
| 040 |
_aDO-SdBNP _bspa _cBNPHU |
||
| 082 |
_a523.1 _bS944o |
||
| 100 | 1 |
_aSueko _920568 |
|
| 245 | 1 | 3 |
_aLa otra versión / _cSueko. |
| 260 |
_aSanto Domingo : _bBurgorama, _c1987. |
||
| 300 |
_a149 p. : _bil. ; _c22 cm. |
||
| 590 | _aInventariado, 2020/BT | ||
| 650 | 0 |
_a Cosmología _91848 |
|
| 650 | 4 |
_aEvolución _97386 |
|
| 999 |
_c12796 _d12796 |
||